Najnovšie trendy v globálnych tokoch priamych zahraničných investícií

Rok 2005 priniesol výrazné oživenie celosvetových tokov PZI, keď globálny prílev PZI dosiahol 916 mld. USD. Hospodársky rozvinuté štáty zvýšili svoj náskok pred rozvojovými štátmi najmä vďaka silnejúcim aktivitám nadnárodných korporácií v oblasti fúzií a akvizícií. Najväčším príjemcom sa v roku 2005...

Descrizione completa

Salvato in:
Dettagli Bibliografici
Autore principale: Dudáš, Tomáš, 1976-
Natura: Capitolo di libro
Lingua:slovacco
Soggetti:
Tags: Aggiungi Tag
Nessun Tag, puoi essere il primo ad aggiungerne!!

MARC

LEADER 00000naa$a2200000$$$4500
001 0056428
005 20240502071636.0
041 0 |a slo 
044 |a SK 
245 1 0 |a Najnovšie trendy v globálnych tokoch priamych zahraničných investícií  |c Tomáš Dudáš 
520 |a Rok 2005 priniesol výrazné oživenie celosvetových tokov PZI, keď globálny prílev PZI dosiahol 916 mld. USD. Hospodársky rozvinuté štáty zvýšili svoj náskok pred rozvojovými štátmi najmä vďaka silnejúcim aktivitám nadnárodných korporácií v oblasti fúzií a akvizícií. Najväčším príjemcom sa v roku 2005 stala Veľká Británia, ktorá v tomto roku zaznamenala rekordný prílev PZI. Nasledovali USA, Čína, Francúzsko a Holandsko. 
610 2 0 |a hospodárstvo svetové 
610 2 0 |a investície priame zahraničné 
610 2 0 |a krajiny vyspelé 
610 2 0 |a krajiny rozvojové 
610 2 0 |a 2005 
100 1 |a Dudáš, Tomáš, 1976-